ბათუმის შოთა რუსთაველის სახელმწიფო უნივერსიტეტის ბიბლიოთეკა

ევოლუციური მოძღვრების საფუძვლები : (ბიბ.ჩანაწერი № 41959)

000 -ლიდერი
ფიქსირებული სიგრძის საკონტროლო ველი 01199nam a2200241Ia 4500
001 - საკონტროლო ნომერი
საკონტროლო ველი 8643
003 - საკონტროლო ნომრის იდენტიფიკატორი
საკონტროლო ველი GE_BSU
005 - ბოლო ოპერაციის თარიღი და დრო
საკონტროლო ველი 20200319204843.0
008 - ფიქსირებული სიგრძის მონაცემთა ელემენტები - ზოგადი ინფორმაცია
ფიქსირებული სიგრძის საკონტროლო ველი 181216s2000||||ge |||||||||||||| ||geo||
020 ## - წიგნის საერთაშორისო სტანდარტული ნომერი
International Standard Book Number 9992848405
040 ## - კატალოგიზაციის წყარო
Transcribing agency GE_BSU
041 ## - ენის კოდი
Language code of text/sound track or separate title geo
080 ## - უნივერსალური ათობითი კლასიფიკაციის ინდექსი
Universal Decimal Classification number 575.8(075.8)
100 ## - მთავარი ჩანაწერი - პიროვნების სახელი
Personal name დიასამიძე, ანზორ
9 (RLIN) 1109
245 ## - ცნობა სათაურის შესახებ
Title ევოლუციური მოძღვრების საფუძვლები :
Remainder of title სახელმძღვანელო უნ-ტების ბიოლოგიის სპეციალობის სტუდენტებისათვის /
Statement of responsibility, etc ა. დიასამიძე ; რედ. ქეთევან დოლიძე.
264 ## - წარმოების, გამოცემის, დისტრიბუციის და სხვა ცნობები
გამოცემის, წარმოების, დისტრიბუციის... ადგილი ბათუმი :
გამოცემის, წარმოების, დისტრიბუციის... სახელწოდება ბათუმის სახ. უნ-ტის გამ-ბა,
გამოცემის, წარმოების, დისტრიბუციის... თარიღი 2000.
300 ## - ფიზიკური აღწერა
Extent 534 გვ. :
Other physical details ილ.;
Dimensions 21 სმ.
653 ## - INDEX TERM--UNCONTROLLED
Uncontrolled term ბიოლოგია
653 ## - INDEX TERM--UNCONTROLLED
Uncontrolled term ევოლუცია
653 ## - INDEX TERM--UNCONTROLLED
Uncontrolled term ევოლუციური მოძღვრების საფუძვლები
700 ## - ADDED ENTRY--PERSONAL NAME
Personal name დოლიძე,ქეთევან
Relator term რედაქტორი
9 (RLIN) 7766
942 ## - ADDED ENTRY ELEMENTS (KOHA)
Koha item type წიგნი
Source of classification or shelving scheme
ეგზემპლარები
ჩამოწერის სტატუსი დაკარგული ეგზემპლარის სტატუსი კლასიფიკაციის წყარო ან თაროზე გაწყობის სქემა დაზიანების სტატუსი არ გაიცემა მუდმივი მდებარეობა (დაცვის ადგილი) ამჟამინდელი ადგილსამყოფელი თაროზე განთავსების ადგილი შეძენის თარიღი ღირებულება, შესყიდვის ნორმალური ფასი სრული შენახვის შიფრი შტრიხკოდი ბოლო ოპერაციის თარიღი ეგზემპლარის მიმდევრობითი ნომერი (კეტერი?) ფასის ძალაში შესვლის თარიღი ეგზემპლარის სახეობა საჯარო შენიშვნა
          ბათუმის შოთა რუსთაველის სახელმწიფო უნივერსიტეტის მთავარი ბიბლიოთეკა ბათუმის შოთა რუსთაველის სახელმწიფო უნივერსიტეტის მთავარი ბიბლიოთეკა წიგნსაცავი 2018-12-17 20.00 575.8(075.8) დ-43 26762 2018-12-17 26762 2018-12-17 წიგნი 20..00